| 000 | 00764cam a22002531 4500 | ||
|---|---|---|---|
| 001 | he 65000599 | ||
| 003 | DLC | ||
| 005 | 20260227111430.0 | ||
| 008 | 841015s1961 is abh b 000 0 heb | ||
| 010 | _ahe 65000599 | ||
| 035 | _a(OCoLC)19208692 | ||
| 040 |
_aDLC _cMH _dCU _dDLC |
||
| 042 | _apremarc | ||
| 043 | _af-mr--- | ||
| 050 | 0 | 0 |
_aDS135.M8 _bS7 1962 |
| 110 | 1 |
_aIsrael. _bMiśrad ha-ḥinukh ṿeha-tarbut. |
|
| 245 | 1 | 0 | _aToldot Yehude Maroḳo. |
| 260 |
_a[Jerusalem] : _bMiśrad ha-ḥinukh ṿeha-tarbut, ha-Maḥlaḳah le-tarbut toranit, _c[1961 or 1962] |
||
| 300 |
_a232 p. : _bill., facsims., maps ; _c21 cm. |
||
| 500 | _aCover title. | ||
| 504 | _aBibliography: p. 213-222. | ||
| 650 | 0 |
_aJews _zMorocco. |
|
| 752 |
_aIsrael _dJerusalem |
||
| 999 |
_c31071 _d31071 |
||